| 000 | 00644nam a2200205 i 4500 | ||
|---|---|---|---|
| 001 | 49428 | ||
| 003 | ES-MaACL | ||
| 005 | 20250809031523.0 | ||
| 007 | t| | ||
| 008 | 030715q1932 sp ||||1| spa d | ||
| 080 | _a347.7 | ||
| 100 | 1 |
_aCosack, Konrad. _940978 |
|
| 245 | 1 | 0 |
_aTratado de derecho mercantil / _cKonrad Cosack ; traducción de la 12ª edición alemana por Antonio Polo. |
| 260 |
_aMadrid : _bRevista de Derecho Privado, _c[1932?] |
||
| 300 |
_aXXI, 352 p., 1 retr. aut. ; _c23 cm. |
||
| 650 | 7 |
_aDerecho mercantil _2embne _9135891 |
|
| 700 | 1 |
_aPolo, Antonio. _992854 |
|
| 852 |
_aES-MaACL _jC-7216 |
||
| 999 |
_c49428 _d49428 |
||